| 000 | 01364nam0a2200349 4500 | ||
|---|---|---|---|
| 001 | RU\NLR\BIBL_A\012637580 | ||
| 005 | 20250624095550.0 | ||
| 010 |
_a978-5-04-110668-3 _97000 |
||
| 021 |
_aRU _b2021-41937 _9КН-П-3301 |
||
| 035 | _a(NLR Aleph) 012637580 | ||
| 090 |
_a12685567 _c12685567 |
||
| 100 | _a20211109d2021 |||y0rusy50 ca | ||
| 101 | 1 |
_arus _ceng |
|
| 102 | _aRU | ||
| 105 | _ay|||z|||000ay | ||
| 181 | 0 |
_ai _baxxe |
|
| 182 | 0 | _an | |
| 200 | 1 |
_aЛицо на пакете молока _fКэролайн Б. Куни _g[перевод с английского А.В. Андреева] |
|
| 203 |
_aТекст _bвизуальный _cнепосредственный |
||
| 210 |
_aМосква _cБомбора™ _cЭксмо _d2021 |
||
| 215 |
_a232, [7] с. _d21 |
||
| 309 | _aКн. в пояске с загл.: Кто-то ищет тебя по всей стране: культовая история 90-х | ||
| 333 | _a16+ | ||
| 517 | 1 | _aКто-то ищет тебя по всей стране: культовая история 90-х | |
| 686 | 0 | _aШ9(7США)62-4 | |
| 700 | 1 |
_7ca _8rus _aКуни _bК. Б. _f1947- _gКэролайн Б. _9238333 _3RU\NLR\AUTH\770238389 |
|
| 942 | _cBOOK | ||
| 980 | _aNB | ||